000 00287nam a22001337a 4500
008 190226b xxu||||| |||| 00| 0 eng d
020 _a9780415154451
041 _aeng
080 _a316
100 _a50
101 _aSOC
245 _aBioregionalism
_cMcGinnis, M.V
942 _2udc
_cBK
999 _c54279
_d54279